Z Subdivisions - Easy - Statistics

General Stats
  • This quiz has been taken 29 times
    5 since last reset
  • The average score is 14 of 52
Answer Stats
Hint Subdivision Type Answer % Correct
Croatia County Zagreb
100%
Mexico State Zacatecas
80%
Switzerland Canton Zurich
80%
Croatia County Zadar
60%
Ukraine Oblast Zaporizhzhia
60%
Slovakia Region Žilina
60%
Switzerland Canton Zug
60%
Venezuela State Zulia
60%
Montenegro Municipality Zabljak
40%
Afghanistan Province Zabul
40%
Guatemala Department Zacapa
40%
Hungary County Zala
40%
Philippines Administrative Region Zamboanga Peninsula
40%
Iran Province Zanjan
40%
Mongolia Province Zavkhan
40%
North Macedonia Municipality Zelenikovo
40%
Montenegro Municipality Zeta
40%
China Province Zhejiang
40%
Czechia Region Zlín
40%
Russia Krai Zabaykalsky
20%
Azerbaijan District Zagatala
20%
Angola Province Zaire
20%
Serbia District Zaječar
20%
Ukraine Oblast Zakarpattia
20%
Slovenia Municipality Žalec
20%
Namibia Region Zambezi
20%
Nigeria State Zamfara
20%
Ecuador Province Zamora Chinchipe
20%
Azerbaijan District Zangilan
20%
Jordan Governorate Zarqa
20%
North Macedonia Municipality Želino
20%
Bhutan District Zhemgang
20%
Ukraine Oblast Zhytomyr
20%
Serbia District Zlatibor
20%
Türkiye Province Zonguldak
20%
Benin Department Zou
20%
North Macedonia Municipality Zrnovci
20%
Tunisia Province Zaghouan
0%
Slovenia Municipality Zagorje ob Savi
0%
Mozambique Province Zambezia
0%
Azerbaijan District Zardab
0%
Slovenia Municipality Zavrč
0%
Libya District Zawiya
0%
Slovenia Municipality Železniki
0%
Slovenia Municipality Žetale
0%
Senegal Region Ziguinchor
0%
Niger Region Zinder
0%
Slovenia Municipality Žiri
0%
Slovenia Municipality Žirovnica
0%
Uganda District Zombo
0%
Slovenia Municipality Zreče
0%
Slovenia Municipality Žužemberk
0%
No matching quizzes found
Score Distribution
Percent of People with Each Score
Percentile by Number Answered
Your Score History
You have not taken this quiz since the last reset